| 000 | 00970nam a2200325 a 4500 | ||
|---|---|---|---|
| 001 | 000003508 | ||
| 003 | DO-SdBPM | ||
| 005 | 20250917112928.0 | ||
| 007 | ta | ||
| 008 | 090709s2009 dr 001 f spa d | ||
| 020 | _a9789945162660 | ||
| 040 |
_aDO-SdBPM _bspa _cBPMSU _erda |
||
| 082 | 4 |
_aRD863.5 _bC527c, 2009 _222 |
|
| 100 |
_aChevalier, Nan, _d1965- |
||
| 245 | 1 | 0 |
_aCiudad de mis ruinas / _cNan Chevalier. |
| 250 | _a2a ed. | ||
| 264 |
_aSanto Domingo : _bArgos, _c2009. |
||
| 300 |
_a221 páginas ; _c22 cm. |
||
| 336 |
_atexto _btxt _2rdacontent |
||
| 337 |
_asin mediación _bn _2rdamedia |
||
| 338 |
_avolumen _bnc _2rdacarrier |
||
| 500 | _aIncluye datos biográficos del autor en la solapa de la cubierta | ||
| 590 | _aInventariado, 2025/VM | ||
| 650 | 7 | _aNovela dominicana | |
| 650 | 7 | _aLiteratura dominicana. | |
| 650 | z | _aDominican fictions | |
| 650 | z | _aDominican literature | |
| 910 | _aVMateo V. Control de calidad BPMSU | ||
| 942 |
_2ddc _cBK |
||
| 999 |
_c7601 _d7601 |
||